00521nam a2200193 a 4500001001300000003000900013005001700022008004100039020001100080082001500091100001600106245005700122260004700179300000900226500003500235505001000270650003100280700001600311nice12345678IN_TiNIC20260116011656.0050524s1964 mada grp 000 0 eng  ac4.2500a227.1bHAR aHarris, W B aCommentary on the Epistle of St. Paul to the Romans. aMadrasbChristian Literature Societyc1964 a284p aincludes index and biblioraphy2 aindex aBible N.T. Epistles Romans1 aHarris, W B